Caminando hacia el siglo XXI: docentes y procesos educativos en la región de Latinoamérica y del Caribe /
Se ve la educación como un proceso que ayude a la construcción de una "ciudadanía moderna" y por otra a fortalecer la competitiviad internacional de los países. Se agrega que si bien es cierto el tema de ciudadanía moderna, puede entenderse de varias formas: los temas consensuales al respe...
Αποθηκεύτηκε σε:
| Κύριος συγγραφέας: | |
|---|---|
| Μορφή: | Κείμενο |
| Θέματα: | |
| Ετικέτες: |
Προσθήκη ετικέτας
Δεν υπάρχουν, Καταχωρήστε ετικέτα πρώτοι!
|
MARC
| LEADER | 00000 a a2200000 04500 | ||
|---|---|---|---|
| 001 | 2134 | ||
| 003 | |||
| 040 | |||
| 100 | |a Avalos, Beatrice | ||
| 245 | |a Caminando hacia el siglo XXI: |b docentes y procesos educativos en la región de Latinoamérica y del Caribe / |c Beatrice Avalos | ||
| 520 | |a Se ve la educación como un proceso que ayude a la construcción de una "ciudadanía moderna" y por otra a fortalecer la competitiviad internacional de los países. Se agrega que si bien es cierto el tema de ciudadanía moderna, puede entenderse de varias formas: los temas consensuales al respecto incluyen la valorización de la equidad social, la participación, la democracia y la eficiencia, así como la efectividad en el manejo de las instituciones y en el desempeño de los individuos. Con respecto al objetivo de la competitividad hay consenso sobre la necesidad de acceso a las nuevas tecnologías, el aumento de la calidad en la producción de conocimientos que sostengan el desarrollo económico y la construcción nacional dentro de un marco de globalización e internacionalización creciente. Se enfatiza en la situación de los maestros, considerando su realidad dentro del contexto educativo latinoamericano o sea, sistema educativo y prácticas en el aula, examinando las características del cuerpo docente y de sus procesos de formación, siguiendo orientaciones generales de cambio y proponiendo formas en que esas orientaciones generales puedan materializarse. REV//jmml | ||
| 650 | |a DOCENTES | ||
| 650 | |a PAISES EN DESARROLLO | ||
| 650 | |a EDUCACION | ||
| 650 | |a CONDICIONES DE TRABAJO | ||
| 650 | |a ESTRATEGIA DEL DESARROLLO | ||
| 650 | |a DESARROLLO ECONOMICO Y SOCIAL | ||
| 650 | |a DOCENTES | ||
| 650 | |a EDUCACION | ||
| 773 | |g número 41; páginas 7-40 | ||
| 999 | |c 26004 |d 26004 | ||
